| 000 | 00492nam a22001937a 4500 | ||
|---|---|---|---|
| 003 | OSt | ||
| 005 | 20140310184508.0 | ||
| 008 | 131012t xxu||||| |||| 00| 0 eng d | ||
| 020 | _a9780439683913 | ||
| 050 |
_aPZ 7 _b.G618 2004 |
||
| 100 |
_aGolden, Lilly _928995 |
||
| 245 |
_aLeader of the pack / _cLilly Golden |
||
| 260 |
_aNew York : _bScholastic, _cc2004. |
||
| 300 |
_a16 p. : _bill. ; _c20 cm. |
||
| 521 | _aG2 | ||
| 526 | _c370 | ||
| 942 |
_2lcc _cBK-SCHOLAS |
||
| 999 |
_c34853 _d34853 |
||